Guess the 1960s song lyrics #179 - Statistics

General Stats
  • This quiz has been taken 17 times
  • The average score is 65 of 144
Answer Stats
Answer % Correct
I
100%
in
79%
the
79%
and
71%
And
71%
is
71%
my
71%
of
71%
summer
71%
to
71%
Hot
64%
there
64%
when
64%
days
57%
ba
50%
she
50%
sun
50%
goes
43%
yeah
43%
back
36%
have
36%
Hi
36%
hi
36%
Sly and the Family Stone
36%
Them
36%
comes
29%
here
29%
Ooh
29%
want
29%
fun
21%
High
21%
high
21%
spring
21%
summertime
21%
That's
21%
cool
14%
country
14%
End
14%
everything
14%
fall
14%
First
14%
Out
14%
school
14%
Those
14%
Bop
7%
bop
7%
Bye
7%
bye
7%
cloud
7%
County
7%
fair
7%
most
7%
nine
7%
No matching quizzes found
Score Distribution
Percent of People with Each Score
Percentile by Number Answered
Your Score History
You have not taken this quiz